Statistiken für Zufalls 12 x 12 Multiplikation - Eine Minute Sprint

Klicken Sie hier um das Quiz zu spielen!

Allgemein

  • Dieses Quiz wurde 1.027 mal gespielt
  • Das Durchschnittsergebnis liegt bei 28 aus 40

Antwortstatistiken

ProblemLösung% Korrekt
7 x 642
79%
6 x 424
74%
3 x 26
73%
10 x 10100
69%
12 x 448
68%
11 x 999
68%
9 x 654
67%
8 x 756
67%
10 x 440
66%
10 x 550
66%
11 x 888
66%
12 x 560
65%
12 x 336
63%
8 x 648
63%
6 x 530
62%
12 x 10120
61%
10 x 220
61%
12 x 12144
60%
11 x 555
60%
4 x 416
59%
9 x 327
59%
10 x 660
59%
8 x 864
59%
10 x 990
59%
7 x 214
58%
10 x 330
58%
6 x 636
58%
5 x 525
57%
9 x 981
57%
3 x 39
57%
11 x 11121
56%
5 x 420
56%
7 x 749
56%
9 x 218
55%
7 x 428
55%
7 x 535
55%
11 x 444
55%
7 x 321
54%
11 x 222
54%
9 x 545
54%
11 x 10110
53%
4 x 312
53%
2 x 24
53%
8 x 324
52%
10 x 770
52%
12 x 672
52%
12 x 9108
51%
9 x 763
51%
5 x 210
50%
6 x 318
50%
9 x 872
50%
4 x 28
50%
8 x 432
49%
6 x 212
48%
12 x 11132
48%
5 x 315
48%
12 x 224
48%
11 x 333
48%
11 x 777
48%
12 x 784
48%
12 x 896
48%
8 x 216
47%
9 x 436
47%
8 x 540
47%
10 x 880
40%
11 x 666
39%

Verteilung der Resultate

Perzentil nach korrekt beantworteten Fragen

Anzahl Personen mit jedem Resultat

Ihre Resultats-Entwicklung

Sie haben dieses Quiz noch nicht gespielt